| 000 | 01492cam a2200409 i 4500 | ||
|---|---|---|---|
| 001 | 1453286383 | ||
| 003 | OCoLC | ||
| 005 | 20250604114425.0 | ||
| 008 | 240827s2024 sz a a 000 1 eng | ||
| 010 | _a2023043380 | ||
| 020 |
_a9780735845527 _q(hardcover) |
||
| 020 |
_a0735845522 _q(hardcover) |
||
| 035 | _a(OCoLC)1453286383 | ||
| 040 |
_aDLC _beng _erda _cPNX _dPNX _dOCLCO _dSDG _dOCLCO |
||
| 050 | 0 | 0 |
_aPZ7.1.J8727 _bPi 2024 |
| 082 | 0 | 0 |
_a[E] _223 |
| 092 |
_achildren picture book _bJulian |
||
| 100 | 1 |
_aJulian, Sean, _eauthor, _eillustrator. _95812187 |
|
| 245 | 1 | 0 |
_aPicture day at Dino Play / _cSean Julian. |
| 264 | 1 |
_aZürich, Switzerland : _bNorthSouth Books, Inc., _c2024. |
|
| 300 |
_a1 volume (unpaged) : _bcolor illustrations ; _c29 cm. |
||
| 336 | _atext | ||
| 336 | _astill image | ||
| 337 | _aunmediated | ||
| 338 | _avolume | ||
| 520 | _aWhen a bird builds a nest in Freda's missing favorite hat, she selflessly lets the expectant parent keep it. | ||
| 521 |
_aAges 4-8. _bNorthSouth Books. |
||
| 521 |
_aGrades 2-3. _bNorthSouth Books. |
||
| 650 | 0 |
_aDinosaurs _vJuvenile fiction. _95675178 |
|
| 650 | 0 |
_aBirds _vJuvenile fiction. _95690366 |
|
| 650 | 0 |
_aKindness _vJuvenile fiction. _95690458 |
|
| 650 | 0 |
_aHats _vJuvenile fiction. _95679249 |
|
| 650 | 0 |
_aSchools _vJuvenile fiction. |
|
| 655 | 7 |
_aAnimal fiction. _2lcgft _95748285 |
|
| 655 | 7 |
_aPicture books. _2lcgft |
|
| 942 |
_2ddc _cBOOK |
||
| 999 |
_c408511 _d408511 |
||